000 00269nam a2200121 a 4500
008 101026s1973|||| d
100 1 _aDe Maupassant, Guy
245 1 0 _aTulák
260 _bTatran
_aBratislava
_c1973
020 _c26
041 _aslo
044 _axo
_cSK
999 _c12318
_d12318